Équipe de France de football - Meilleurs buteurs - Statistiques

Statistiques générales
  • Ce quiz a été pris 412 fois
  • Le résultat moyen est 15 sur 39
Statistiques - réponses
Poste Joueur Nombre de buts Dernière sélection % Correct
ATT Olivier Giroud 57 2024
99%
MIL Antoine Griezmann 44 2024
98%
ATT Kylian Mbappé 56 2026
98%
ATT Thierry Henry 51 2010
97%
MIL Zinédine Zidane 31 2006
95%
ATT Karim Benzema 37 2022
94%
MIL Michel Platini 41 1987
91%
ATT Just Fontaine 30 1960
79%
ATT David Trezeguet 34 2008
77%
MIL Paul Pogba 11 2022
76%
MIL Franck Ribéry 16 2014
67%
ATT Jean-Pierre Papin 30 1995
66%
DEF Laurent Blanc 16 2000
64%
ATT Raymond Kopa 18 1962
58%
MIL Youri Djorkaeff 28 2006
54%
ATT Nicolas Anelka 14 2010
46%
ATT Éric Cantona 20 1995
42%
ATT Sylvain Wiltord 26 2006
37%
MIL Robert Pirès 14 2004
35%
ATT Dominique Rocheteau 15 1986
22%
ATT Sidney Govou 10 2010
20%
ATT Bernard Lacombe 12 1984
11%
ATT Didier Six 13 1984
11%
ATT Roger Piantoni 18 1961
11%
ATT Jean Nicolas 21 1938
9%
ATT Paul Nicolas 20 1931
9%
ATT Jean Vincent 22 1961
8%
ATT Hervé Revelli 15 1975
6%
ATT Yannick Stopyra 11 1988
6%
ATT Jean Baratte 19 1952
4%
ATT Eugène Maës 15 1913
3%
ATT Émile Veinante 14 1940
2%
ATT Thadée Cisowski 11 1958
2%
ATT Charly Loubet 10 1974
1%
ATT Ernest Vaast 11 1949
1%
ATT Joseph Ujlaki 10 1960
1%
ATT Maryan Wisniewski 12 1963
1%
ATT Roger Courtois 10 1947
1%
ATT Jules Devaquez 12 1929
0%
Aucun quiz correspondant
Distribution des résultats
% des personnes avec chaque résultat
Percentile par nombre de réponses
Votre historique - résultats
Vous n’avez pas pris ce quiz